All India report on concurrent evaluation of Indira awas yojana (1998-1999) (Record no. 491909)

000 -LEADER
fixed length control field 00426cam a22001217a 4500
008 - FIXED-LENGTH DATA ELEMENTS--GENERAL INFORMATION
fixed length control field 180718b2001 xxu||||| |||| 00| 0 eng d
082 ## - DEWEY DECIMAL CLASSIFICATION NUMBER
Classification number XA000x54 Al51
100 ## - MAIN ENTRY--PERSONAL NAME
Personal name India. Ministry of Rural Development
245 ## - TITLE STATEMENT
Title All India report on concurrent evaluation of Indira awas yojana (1998-1999)
Statement of responsibility, etc. by Ministry of Rural Development, India
260 ## - PUBLICATION, DISTRIBUTION, ETC.
Place of publication, distribution, etc. Delhi
Name of publisher, distributor, etc. The author
Date of publication, distribution, etc. 2001
300 ## - PHYSICAL DESCRIPTION
Extent 110p.
650 ## - SUBJECT ADDED ENTRY--TOPICAL TERM
Topical term or geographic name entry element Housing policy - India
Holdings
Withdrawn status Lost status Damaged status Not for loan Permanent Location Current Location Date acquired Full call number Barcode Date last seen Price effective from Koha item type
        Indian Institute of Public Administration Indian Institute of Public Administration 2018-08-04 XA000x54 Al51 GG29279 2018-08-04 2018-08-04 GG

Powered by Koha